[Event "Pfalz op-B 9th"]
[Site "Neustadt an der Weinstrasse"]
[Date "2018.02.12"]
[Round "7"]
[White "Scholz, Philipp"]
[Black "Elier, Ali"]
[Result "0-1"]
[WhiteElo "1894"]
[BlackElo "1946"]
[PlyCount "78"]
[EventDate "2018.02.09"]
[EventType "swiss"]
[EventRounds "7"]
[EventCountry "GER"]
[SourceTitle "CBM 182 Extra"]
[Source "ChessBase"]
[SourceDate "2018.02.23"]
[SourceVersion "1"]
[SourceVersionDate "2018.02.23"]
[SourceQuality "1"]

1. d4 d5 2. Nf3 Nf6 3. Bf4 e6 4. c4 dxc4 5. e3 b5 6. Be2 Bb4+ 7. Nfd2 Bb7 8. 0-0 0-0 9. a3 Bd6 10. Bg5 a6 11. Nc3 Nbd7 12. e4 Be7 13. Be3 c5 14. e5 Nd5 15. Bf3 Nxc3 16. bxc3 Bxf3 17. Qxf3 cxd4 18. cxd4 Nb6 19. Qg3 Kh8 20. f4 Qd7 21. Nf3 Nd5 22. Bc1 a5 23. f5 exf5 24. Nh4 Bxh4 25. Qxh4 b4 26. Rf3 f6 27. Rh3 g6 28. Bh6 Rf7 29. axb4 g5 30. Qe1 Nf4 31. exf6 Nxh3+ 32. gxh3 Qxd4+ 33. Kf1 Qxf6 34. Rxa5 Rg8 35. Qe3 Qxh6 36. Qc3+ Qf6 37. Qxc4 Rd7 38. Ra6 Qb2 39. Ra2 Rd1# 0-1